Арбитражный процессуальный кодекс Российской Федерации (Запись № 10588132)

Подробности
000 -МАРКЕР
контрольное поле 02031nam0a2200289 i 4500
001 - ИДЕНТИФИКАТОР ЗАПИСИ
контрольное поле RU\NLR\BIBL_A\010299848
005 - ИДЕНТИФИКАТОР ВЕРСИИ
контрольное поле 20260409063309.0
010 ## - МЕЖДУНАРОДНЫЙ СТАНДАРТНЫЙ НОМЕР КНИГИ (ISBN)
Номер (ISBN) 9785392135356
Тираж 12000
021 ## - НОМЕР ГОСУДАРСТВЕННОЙ РЕГИСТРАЦИИ
Код страны Российская Федерация
Номер 2014-5985
Номер Листа государственной регистраци 372
035 ## - ДРУГИЕ СИСТЕМНЫЕ НОМЕРА
Идентификатор записи (NLR Aleph) 010299848
100 ## - ДАННЫЕ ОБЩЕЙ ОБРАБОТКИ
Данные общей обработки 20130227d2014 u a0rusy50 ca
101 0# - ЯЗЫК РЕСУРСА
Язык текста, звукозаписи и т.д. русский
102 ## - СТРАНА ПУБЛИКАЦИИ ИЛИ ПРОИЗВОДСТВА
Страна публикации Российская Федерация
105 ## - ПОЛЕ КОДИРОВАННЫХ ДАННЫХ: ТЕКСТОВЫЕ МАТЕРИАЛЫ, МОНОГРАФИЧЕСКИЕ
Кодированные данные о монографическом текстовом документе y n|||000yy
200 1# - ЗАГЛАВИЕ И СВЕДЕНИЯ ОБ ОТВЕТСТВЕННОСТИ
Основное заглавие Арбитражный процессуальный кодекс Российской Федерации
Сведения, относящиеся к заглавию по состоянию на 25 января 2014 г.
-- [принят Государственной Думой 14 июня 2002 года
-- одобрен Советом Федерации 10 июля 2002 года
-- изменения: Федеральный закон от 28 июля 2004 г. № 80-Ф3 ... Федеральный закон от 2 ноября 2013 г. № 294-Ф3
-- пояснения к порядку и условиям применения: Постановление Конституционного Суда РФ от 17 ноября 2005 г. № 11-П, Постановление Конституционного Суда РФ от 25 марта 2008 г. № 6-П]
210 ## - ПУБЛИКАЦИЯ, РАСПРОСТРАНЕНИЕ И ДР.
Место издания, распространения и т.д. Москва
Имя издателя, распространителя и т. д. Проспект
-- КноРус
Дата издания, распространения и т.д. 2014
215 ## - ФИЗИЧЕСКАЯ ХАРАКТЕРИСТИКА
Специфическое обозначение материала и объем 159, [1] с.
Размеры 20
225 1# - СЕРИЯ
Основное заглавие серии Профессиональные юридические системы Кодекс
604 ## - ИМЯ И ЗАГЛАВИЕ КАК ПРЕДМЕТ
Связываемые данные 71001$aРоссийская Федерация
-- 500##$aАрбитражный процессуальный кодекс$2nlr_sh2$3RU\NLR\AUTH\661262504
Идентификатор авторитетной/нормативной записи RU\NLR\AUTH\661262504
Имя лица Российская Федерация
Заглавие Арбитражный процессуальный кодекс
Системный номер авторитетной/нормативной записи 2086371
686 1# - ИНДЕКСЫ ДРУГИХ КЛАССИФИКАЦИЙ
Индекс Х629.221-324.9(2Р)
740 #1 - УСЛОВНОЕ НАИМЕНОВАНИЕ / ЗАГЛАВИЕ ДЛЯ ЗАКОНОДАТЕЛЬНЫХ И РЕЛИГИОЗНЫХ ТЕКСТОВ - ПЕРВИЧНАЯ ОТВЕТСТВЕННОСТЬ
Начальный элемент ввода Российская Федерация
Обозначение вида документа Законы
Название раздела или части Арбитражный процессуальный кодекс
Идентификатор авторитетной/нормативной записи RU\NLR\AUTH\880379475
-- 425334
942 ## - ДОПОЛНИТЕЛЬНЫЕ ЭЛЕМЕНТЫ ЗАПИСИ (АБИС)
Тип экземпляра АБИС Книга
980 ## - КОЛЛЕКЦИЯ
Название коллекции НБР

Нет доступных экземпляров.